Formación económica del Brasil

Saved in:
Bibliografiske detaljer
Hovedforfatter: Furtado, Celso (Author)
Format: Bog
Sprog:spansk
Udgivet: Ciudad de México Fondo de Cultura Económica 1962
Udgivelse:1a. ed
Serier:Sección de Obras de Economía
Fag:
Online adgang:imnagen tapa
Tags: Tilføj Tag
Ingen Tags, Vær først til at tagge denne postø!

MARC

LEADER 00000nam a2200000 a 4500
001 UCI5362
003 CL-VaPUC
008 080320e19620000MX |||||||||||||||||spa|d
082 0 4 |a 330.981  |b FUR  |2 21 
100 0 |a Furtado, Celso  |e author  |9 527683 
245 1 0 |a Formación económica del Brasil 
250 |a 1a. ed 
300 |a 259 p 
942 |c BK 
945 |d 20080320 00:00:00  |a jtorresc 
260 |a Ciudad de México  |b Fondo de Cultura Económica  |c 1962 
650 0 |a Desarrollo económico  |9 259599 
650 0 |a Condiciones sociales   |9 257278 
650 7 |a POLITICA DE DESARROLLO  |2 CL-VaPUC  |9 335853 
651 0 |a Brasil  |9 267393 
856 7 |f UCI5362_01.jpg  |u http://opac.pucv.cl/pucv_img/Img-5000/UCI5362_01.jpg  |q JEPG  |2 file  |z imnagen tapa 
583 |a last modification  |c 20080320 00:00:00  |k Rodrigo Vera 
490 0 |a Sección de Obras de Economía 
999 |c 329114  |d 329112 
952 |0 0  |1 0  |4 0  |6 330_981000000000000_FUR_1962  |7 0  |8 A  |9 413443  |a BIBHIS  |b BIBHIS  |d 2019-11-22  |i 4416864  |o 330.981 FUR 1962  |p 4416864  |r 2025-01-20  |w 2019-11-22  |y BK  |k HIS